2022 Winter Olympics Medal Table - Statistics

General Stats
  • This quiz has been taken 47 times
  • The average score is 11 of 12
Answer Stats
Total G S B Country % Correct
26 4 8 14 Canada
98%
37 16 8 13 Norway
98%
25 8 10 7 United States
98%
15 9 4 2 China
96%
18 3 6 9 Japan
96%
18 8 5 5 Sweden
96%
14 7 2 5 Switzerland
93%
18 7 7 4 Austria
91%
15 5 7 2 France
91%
27 12 10 5 Germany
91%
17 8 5 4 Netherlands
91%
17 2 7 8 Italy
85%
No matching quizzes found
Score Distribution
Percent of People with Each Score
Percentile by Number Answered
Your Score History
You have not taken this quiz